Dicionário de Romeno-Português (Registo nº 1076)

Detalhes MARC
000 -Etiqueta do registo
Cabeçalho 00664nam0a2200277 i 4500
005 - Identificador da versão
Campo de controlo 20240813121824.0
010 ## - Número internacional normalizado dos livros (ISBN)
Número (ISBN) 9720050705
021 ## - Número do Depósito Legal
Código do país PT
035 ## - Other System Control Numbers
System Control Number 0001125
100 ## - Dados gerais de processamento
Dados gerais de processamento 20100219d19772003m y0pory5003 ba
102 ## - Pais de publicação ou produção
País de publicação Portugal
101 0# - Língua de publicação
Língua do texto, banda sonora, etc. Português
Língua do documento no original Português
106 ## - Campo de dados codificados: material textual
Dados codificados do material textual r
105 ## - Campo de dados codificados: livros
Dados codificados dos livros y z 001yy
215 ## - Descrição física 
Indicação específica da natureza do documento e extensão da espécie 475 p.
200 1# - Titulo e menção de responsabilidade
Título próprio Dicionário de Romeno-Português
Primeira menção de responsabilidade Victor Buescu
205 ## - Menção da edição
Menção da edição ª ed
210 ## - Publicação, Distribuição, etc. 
Lugar da edição, distribuição, etc. Porto
Nome do editor, distribuidor, etc. Porto Editora
Data da publicação, distribuição, etc. 2003
304 ## - Notas relativas a título e menção de responsabilidade 
Texto da nota Tít. orig.:
675 ## - Classificação Decimal Universal (CDU)
Notação 811.135.1'373(038)
Edição BN
Língua da edição por
700 #1 - Nome de autor-pessoa física (responsabilidade principal)
Número de registo de entrada de autoridade 0001448
Palavra de ordem Buescu
Outra parte do nome não tomada para palavra de ordem Victor
942 ## - Elementos de entrada adicionados (Koha)
Tipo de item no Koha Livro
Exemplares
Situação do levantamento Origin of item (home branch) (coded) Biblioteca de empréstimo Código de barras Cota Circulation type (not for loan) Tipo de documento Nota do exemplar Damaged status
  Biblioteca Escolar Eng. Nuno Mergulhão Biblioteca Escolar Eng. Nuno Mergulhão BENM1961 811.135 DIC   Cativo Sem mensagem